[Event "41st Olympiad Women 2014"]
[Site "Tromso NOR"]
[Date "2014.08.05"]
[Round "4.14"]
[Board "2"]
[White "Myronenko, Natalya"]
[Black "Guichard, Pauline"]
[Result "0-1"]
[BlackTitle "WGM"]
[WhiteElo "1942"]
[BlackElo "2375"]
[WhiteTeam "ICCD"]
[BlackTeam "France"]
[WhiteFideId "14124530"]
[BlackFideId "639370"]
[EventDate "2014.08.02"]

1. e4 e5 2. Nf3 Nc6 3. Bc4 Nf6 4. d3 Be7 5. c3 d6 6. Bb3 h6 7. Nbd2 O-O 8. O-O
Nh7 9. Nc4 Ng5 10. Nxg5 Bxg5 11. f4 exf4 12. Bxf4 Bxf4 13. Rxf4 Qg5 14. Qf3 Be6
15. d4 d5 16. Ne3 dxe4 17. Rxe4 Bxb3 18. axb3 Rae8 19. Rf1 Nd8 20. Rf4 Kh8 21.
Nd5 c6 22. Ne3 Ne6 23. Re4 Qb5 24. Qd1 Ng5 25. Rxe8 Rxe8 26. Rf5 Qa6 27. Nc4 b6
28. Ne5 f6 29. Qh5 Qc8 30. Nf7+ Nxf7 31. Qxf7 Rf8 32. Qh5 Qe6 33. b4 Qe3+ 34.
Rf2 Re8 35. Qf3 Qc1+ 36. Rf1 Re1 37. Rxe1 Qxe1+ 38. Qf1 Qxf1+ 39. Kxf1 Kg8 40.
Ke2 Kf7 41. Kd3 Ke6 42. Kc4 f5 43. b5 cxb5+ 44. Kxb5 Kd5 45. Ka6 g5 46. Kxa7 f4
47. h3 h5 48. Kxb6 g4 49. hxg4 hxg4 50. b3 f3 51. gxf3 gxf3 52. c4+ Kxd4 53. c5
f2 54. c6 f1=Q 55. c7 Qf5 56. Kb7 Qb5+ 57. Ka7 Qc6 58. Kb8 Qb6+ 59. Kc8 Kd5 0-1

[Event "41st Olympiad Women 2014"]
[Site "Tromso NOR"]
[Date "2014.08.05"]
[Round "4.14"]
[Board "3"]
[White "Collas, Silvia"]
[Black "Gerasimova, Olga"]
[Result "1-0"]
[WhiteTitle "IM"]
[BlackTitle "WIM"]
[WhiteElo "2316"]
[BlackElo "2045"]
[WhiteTeam "France"]
[BlackTeam "ICCD"]
[WhiteFideId "2902265"]
[BlackFideId "24109622"]
[EventDate "2014.08.02"]

1. Nf3 Nf6 2. c4 g6 3. Nc3 d5 4. cxd5 Nxd5 5. Qb3 Nb6 6. d4 c6 7. Ng5 e6 8. Nge4
Bg7 9. Qa3 Bf8 10. Qa5 Bg7 11. Qc5 Na6 12. Qd6 Qxd6 13. Nxd6+ Ke7 14. Nxc8+
Raxc8 15. Bg5+ Bf6 16. h4 h6 17. Bxf6+ Kxf6 18. e3 Nb4 19. Rc1 N4d5 20. Ne4+ Ke7
21. g3 Nd7 22. a3 f5 23. Nc5 Nxc5 24. Rxc5 b6 25. Rc2 c5 26. Ba6 Rc7 27. dxc5
Rxc5 28. Rxc5 bxc5 29. Kd2 Rb8 30. Kc2 Rb6 31. Bc4 Nf6 32. f3 Nd7 33. b3 Rd6 34.
g4 fxg4 35. fxg4 Nf6 36. g5 Ng4 37. Rh3 h5 38. Be2 Ne5 39. Rh1 Rd8 40. Rf1 Rg8
41. Rf4 Rd8 42. Kc3 Rd7 43. Ra4 Rc7 44. Ra6 Nf7 45. Bd3 Ne5 46. Bc4 Nc6 47. Kd3
Nd8 48. Ke4 Rb7 49. Kf4 Rc7 50. Bd3 Kf7 51. Ke5 Re7 52. Be4 Rd7 53. Rd6 Ke7 54.
Rxd7+ Kxd7 55. Kf6 Kd6 56. Bxg6 Nc6 57. Bxh5 Ne5 58. Be2 Nd7+ 59. Kg7 1-0

[Event "41st Olympiad Women 2014"]
[Site "Tromso NOR"]
[Date "2014.08.05"]
[Round "4.14"]
[Board "4"]
[White "Marcinkeviciene, Egle"]
[Black "Congiu, Mathilde"]
[Result "0-1"]
[BlackTitle "WIM"]
[WhiteElo "1675"]
[BlackElo "2318"]
[WhiteTeam "ICCD"]
[BlackTeam "France"]
[WhiteFideId "12801011"]
[BlackFideId "634581"]
[EventDate "2014.08.02"]

1. d4 Nf6 2. Nf3 g6 3. c4 Bg7 4. Nc3 O-O 5. e4 d6 6. Be2 e5 7. O-O Nc6 8. d5 Ne7
9. Nd2 a5 10. a3 Bd7 11. Rb1 a4 12. Nb5 Bxb5 13. cxb5 Nd7 14. Nc4 f5 15. f3 f4
16. Bd2 Nc8 17. Be1 g5 18. h3 h5 19. b4 Rf6 20. Na5 b6 21. Nc6 Qe8 22. Bd2 Rg6
23. Kf2 Nf6 24. Rg1 Bh6 25. Bd3 Rg7 26. Qf1 Ne7 27. Ke2 Ng6 28. g4 fxg3 29. Rxg3
Nf4+ 30. Bxf4 exf4 31. Rg2 Kh8 32. Qf2 Nxd5 33. Qd4 Ne3 34. Rgg1 Qd7 35. Rh1 Rf8
36. Kd2 Qe6 37. Qc3 Rf6 38. Nd8 Qe7 39. Nc6 Qf8 40. Nd4 Qf7 41. Nc6 Rg8 42. Nd4
Bg7 43. Qc1 Rh6 44. Nf5 Nxf5 45. exf5 Bd4 46. Kc2 Re8 47. Kd1 Rh7 48. Qc2 Qf6
49. Be4 Bc3 50. Qd3 Rhe7 51. Kc2 Be5 52. Qd5 Qg7 53. Qd3 Bf6 54. Qd5 Re5 55. Qd3
d5 56. Bxd5 Rd8 57. Qc4 Rexd5 58. Rhd1 Qd7 59. Qe2 Qxf5+ 60. Qe4 Qxe4+ 61. fxe4
Rxd1 62. Rxd1 Rxd1 63. Kxd1 g4 64. hxg4 hxg4 0-1

[Event "41st Olympiad Women 2014"]
[Site "Tromso NOR"]
[Date "2014.08.05"]
[Round "4.15"]
[Board "1"]
[White "Nguyen, Thi Mai Hung"]
[Black "Bakri, Alia Anin Azwa"]
[Result "1-0"]
[WhiteTitle "WIM"]
[BlackTitle "WFM"]
[WhiteElo "2307"]
[BlackElo "1964"]
[WhiteTeam "Vietnam"]
[BlackTeam "Malaysia"]
[WhiteFideId "12401676"]
[BlackFideId "5702712"]
[EventDate "2014.08.02"]

1. d4 d5 2. Nf3 Nf6 3. e3 c5 4. dxc5 Qa5+ 5. Nbd2 Qxc5 6. a3 e6 7. b4 Qc7 8. c4
dxc4 9. Nxc4 Be7 10. Bb2 O-O 11. Rc1 Qd8 12. Bd3 Nbd7 13. O-O b6 14. Qe2 Ba6 15.
Rfd1 Qe8 16. Nd4 Rc8 17. e4 g6 18. Qe3 Nh5 19. Be2 e5 20. Nxe5 Bxe2 21. Rxc8
Qxc8 22. Nec6 Bf6 23. Qxe2 Qb7 24. e5 Bg7 25. Qf3 Nb8 26. b5 Bh8 27. a4 Re8 28.
h3 Qc7 29. g4 Ng7 30. Ba3 Nd7 31. Bd6 Qc8 32. Rc1 Nc5 33. Ne7+ Rxe7 34. Bxe7
Nge6 35. Nxe6 fxe6 36. Bxc5 bxc5 37. Qc6 Qxc6 38. bxc6 Bxe5 39. Rxc5 Bc7 40. Rb5
Bd6 41. Rb7 1-0

[Event "41st Olympiad Women 2014"]
[Site "Tromso NOR"]
[Date "2014.08.05"]
[Round "4.15"]
[Board "2"]
[White "Tan, Li Ting"]
[Black "Hoang, Thi Nhu Y"]
[Result "0-1"]
[WhiteTitle "WCM"]
[BlackTitle "WIM"]
[WhiteElo "1945"]
[BlackElo "2269"]
[WhiteTeam "Malaysia"]
[BlackTeam "Vietnam"]
[WhiteFideId "5704820"]
[BlackFideId "12401455"]
[EventDate "2014.08.02"]

1. d4 Nf6 2. c4 e6 3. Nf3 b6 4. e3 Bb7 5. Bd3 Be7 6. Nc3 c5 7. O-O O-O 8. b3
cxd4 9. Nxd4 d5 10. Be2 Nbd7 11. Bb2 Rc8 12. Rc1 dxc4 13. Bxc4 Nc5 14. Qe2 Bd6
15. Rfd1 Qe7 16. b4 Ncd7 17. a3 Ne5 18. Bb3 Bb8 19. e4 Ng6 20. g3 Rfd8 21. f3 h5
22. Qe3 h4 23. Nce2 Nh5 24. Kg2 hxg3 25. hxg3 Bxg3 26. Rh1 Bf4 27. Nxf4 Ngxf4+
28. Kf2 Rxc1 29. Bxc1 Qg5 30. Rg1 Nh3+ 31. Kf1 Qxg1+ 0-1

[Event "41st Olympiad Women 2014"]
[Site "Tromso NOR"]
[Date "2014.08.05"]
[Round "4.15"]
[Board "3"]
[White "Hoang, Thi Bao Tram"]
[Black "Azman Hisham, Nur Nabila"]
[Result "1-0"]
[WhiteTitle "WGM"]
[BlackTitle "WCM"]
[WhiteElo "2329"]
[BlackElo "1916"]
[WhiteTeam "Vietnam"]
[BlackTeam "Malaysia"]
[WhiteFideId "12401102"]
[BlackFideId "5702135"]
[EventDate "2014.08.02"]

1. d4 Nf6 2. Nf3 g6 3. g3 b6 4. Bg2 Bb7 5. c4 Bg7 6. Nc3 O-O 7. O-O c5 8. d5 d6
9. e4 b5 10. cxb5 a6 11. bxa6 Nxa6 12. Bf4 Qb6 13. Qd2 c4 14. Be3 Qb4 15. Nd4
Nc5 16. Rab1 Ng4 17. Nc2 Qa5 18. Bd4 Ne5 19. b4 cxb3 20. axb3 Qc7 21. f4 Ned7
22. Bxg7 Kxg7 23. Qd4+ Kg8 24. Ne3 Rfc8 25. Bh3 e5 26. fxe5 dxe5 27. Qd2 Ba6 28.
Rfc1 Nd3 29. Rc2 Qd8 30. b4 Rcb8 31. b5 1-0

[Event "41st Olympiad Women 2014"]
[Site "Tromso NOR"]
[Date "2014.08.05"]
[Round "4.15"]
[Board "4"]
[White "Azman Hisham, Nur Najiha"]
[Black "Luong, Phuong Hanh"]
[Result "1-0"]
[WhiteTitle "WFM"]
[WhiteElo "1886"]
[BlackElo "2171"]
[WhiteTeam "Malaysia"]
[BlackTeam "Vietnam"]
[WhiteFideId "5704685"]
[BlackFideId "12401013"]
[EventDate "2014.08.02"]

1. Nf3 Nf6 2. c4 g6 3. Nc3 d5 4. cxd5 Nxd5 5. Qa4+ Nc6 6. Ne5 Nxc3 7. bxc3 Bd7
8. Nxd7 Qxd7 9. e4 Bg7 10. Bb5 O-O 11. O-O a6 12. Bxc6 bxc6 13. d4 Qe6 14. f3 c5
15. Ba3 cxd4 16. cxd4 Rfd8 17. Bc5 Qd7 18. Qxd7 Rxd7 19. e5 e6 20. Rab1 Bh6 21.
Kf2 Rad8 22. Rb7 Bd2 23. Rd1 Bf4 24. Rdb1 h5 25. Rb8 Bxh2 26. g3 h4 27. gxh4 Bf4
28. Be7 Rxe7 29. Rxd8+ Kh7 30. Rbb8 g5 31. h5 1-0

[Event "41st Olympiad Women 2014"]
[Site "Tromso NOR"]
[Date "2014.08.05"]
[Round "4.16"]
[Board "1"]
[White "Seps, Monika"]
[Black "Shamima, Akter Liza"]
[Result "1-0"]
[WhiteTitle "WIM"]
[BlackTitle "WIM"]
[WhiteElo "2236"]
[BlackElo "2147"]
[WhiteTeam "Switzerland"]
[BlackTeam "Bangladesh"]
[WhiteFideId "1308521"]
[BlackFideId "10202587"]
[EventDate "2014.08.02"]

1. e4 c5 2. Nf3 e6 3. d4 cxd4 4. Nxd4 Nc6 5. Nc3 Qc7 6. Qd3 a6 7. Nxc6 bxc6 8.
Qg3 Qxg3 9. hxg3 d5 10. Na4 Rb8 11. exd5 cxd5 12. Bf4 Rb4 13. b3 e5 14. Bd2 Rb8
15. f3 Ne7 16. Kf2 Nc6 17. g4 Be7 18. c4 d4 19. Bd3 Nb4 20. Bxb4 Bxb4 21. Rh5
Bd6 22. Rah1 h6 23. c5 Bc7 24. g5 Ke7 25. Nb2 a5 26. g4 Be6 27. Ke2 Bd7 28. gxh6
g6 29. R5h4 a4 30. Bc4 axb3 31. axb3 Kf6 32. Ra1 Ra8 33. Rxa8 Rxa8 34. h7 Kg7
35. h8=Q+ Rxh8 36. Rxh8 Kxh8 37. Bxf7 Kg7 38. Bd5 Kf6 39. Kd3 Kg5 40. c6 Bc8 41.
Ke4 Bb8 42. b4 Ba6 43. Bc4 Bc8 44. b5 1-0

[Event "41st Olympiad Women 2014"]
[Site "Tromso NOR"]
[Date "2014.08.05"]
[Round "4.16"]
[Board "2"]
[White "Khan, Nazrana"]
[Black "Hund, Barbara"]
[Result "0-1"]
[WhiteTitle "WFM"]
[BlackTitle "WGM"]
[WhiteElo "2001"]
[BlackElo "2153"]
[WhiteTeam "Bangladesh"]
[BlackTeam "Switzerland"]
[WhiteFideId "10201734"]
[BlackFideId "1301446"]
[EventDate "2014.08.02"]

1. d4 Nf6 2. c4 e6 3. Nf3 Bb4+ 4. Bd2 Qe7 5. Nc3 Bxc3 6. Bxc3 Ne4 7. Qc2 f5 8.
g3 Nxc3 9. Qxc3 Qf6 10. Bg2 c5 11. O-O Nc6 12. Rad1 O-O 13. e3 Rb8 14. Qa3 b6
15. Rd2 d6 16. Rfd1 Na5 17. Qc3 Ba6 18. b3 Rbc8 19. Qa1 Rfd8 20. dxc5 Qxa1 21.
Rxa1 dxc5 22. Rad1 Nc6 23. Kf1 Rxd2 24. Rxd2 Rd8 25. Rxd8+ Nxd8 26. Ne5 Kf8 27.
Ke2 Ke7 28. Nc6+ Nxc6 29. Bxc6 e5 30. h4 Kd6 31. Bd5 e4 32. f3 exf3+ 33. Kxf3
Ke5 34. Bc6 Bc8 35. Ke2 Kd6 36. Bd5 Bd7 37. e4 Ke5 38. Ke3 h6 39. a3 a5 40. Bb7
g5 41. Bd5 f4+ 42. gxf4+ gxf4+ 43. Kd3 Bg4 44. Bc6 Bd1 45. Ba4 Bf3 46. Bc6 Bg2
47. Bd5 Bf1+ 48. Kc3 Be2 49. Kd2 Bf3 50. Kd3 Bd1 51. Bf7 Bxb3 52. Bh5 Ba2 53.
Bf7 Bb1+ 0-1

[Event "41st Olympiad Women 2014"]
[Site "Tromso NOR"]
[Date "2014.08.05"]
[Round "4.16"]
[Board "3"]
[White "Heinatz, Gundula"]
[Black "Hamid, Rani"]
[Result "1-0"]
[WhiteTitle "WIM"]
[BlackTitle "WIM"]
[WhiteElo "2169"]
[BlackElo "1995"]
[WhiteTeam "Switzerland"]
[BlackTeam "Bangladesh"]
[WhiteFideId "4612434"]
[BlackFideId "10200096"]
[EventDate "2014.08.02"]

1. d4 Nf6 2. Bg5 d5 3. Nf3 e6 4. e3 c5 5. Nbd2 Nc6 6. c3 cxd4 7. exd4 Be7 8. Bd3
O-O 9. O-O b6 10. Re1 Bb7 11. Qe2 Rc8 12. Rad1 Qc7 13. Ne5 Ne8 14. Ndf3 Bxg5 15.
Nxg5 Nf6 16. Ng4 Rfe8 17. Nxf6+ gxf6 18. Nxh7 Qf4 19. Qh5 Ne7 20. g3 Qc7 21.
Nxf6+ Kg7 22. Nxe8+ Rxe8 23. Rxe6 Rh8 24. Qg5+ Kf8 25. Qf6 Rg8 26. Rde1 1-0

[Event "41st Olympiad Women 2014"]
[Site "Tromso NOR"]
[Date "2014.08.05"]
[Round "4.16"]
[Board "4"]
[White "Sultana, Sharmin Shirin"]
[Black "Stoeri, Laura"]
[Result "1/2-1/2"]
[WhiteTitle "WFM"]
[BlackTitle "WFM"]
[WhiteElo "1984"]
[BlackElo "2123"]
[WhiteTeam "Bangladesh"]
[BlackTeam "Switzerland"]
[WhiteFideId "10204482"]
[BlackFideId "1304313"]
[EventDate "2014.08.02"]

1. d4 Nf6 2. c4 e6 3. Nf3 Bb4+ 4. Bd2 Qe7 5. Qc2 Bxd2+ 6. Nbxd2 d6 7. e4 e5 8.
d5 O-O 9. Be2 Nbd7 10. O-O a5 11. a3 a4 12. b4 axb3 13. Nxb3 Nh5 14. g3 Re8 15.
Rfd1 b6 16. Qd2 h6 17. a4 Ndf6 18. Qc2 Bh3 19. a5 bxa5 20. Rxa5 Rxa5 21. Nxa5
Qd7 22. Nc6 Nf4 23. Ne1 Ne6 24. Nxe5 dxe5 25. dxe6 Qxe6 26. c5 Qc6 27. Bf3 Be6
28. Ng2 Nd7 29. Rc1 Ra8 30. Ne3 Ra5 31. Nd5 Kh7 32. Nb4 Qxc5 33. Qd2 Qb6 34. Nd5
Bxd5 35. exd5 Rc5 36. Qd3+ g6 37. Rb1 Qd6 38. Qb3 Nf6 39. Rd1 e4 40. Bg2 Rxd5
41. Rxd5 Qxd5 42. Qxd5 Nxd5 43. Bxe4 c6 44. f4 Kg7 45. Kf2 Kf6 46. Kf3 Ke6 47.
g4 Ne7 48. Bc2 c5 49. Bb3+ Nd5 50. h4 f5 51. h5 gxh5 52. g5 hxg5 53. fxg5 Ke5
54. g6 Ne7 55. g7 Kd4 56. g8=Q Nxg8 57. Bxg8 c4 58. Be6 c3 59. Bxf5 h4 60. Kg4
Ke5 61. Bc2 Kd4 62. Kxh4 Ke3 1/2-1/2

[Event "41st Olympiad Women 2014"]
[Site "Tromso NOR"]
[Date "2014.08.05"]
[Round "4.17"]
[Board "1"]
[White "Feliciano Ebert, Vanessa"]
[Black "Foisor, Cristina-Adela"]
[Result "1-0"]
[WhiteTitle "WIM"]
[BlackTitle "IM"]
[WhiteElo "2226"]
[BlackElo "2404"]
[WhiteTeam "Brazil"]
[BlackTeam "Romania"]
[WhiteFideId "2114160"]
[BlackFideId "1200496"]
[EventDate "2014.08.02"]

1. e4 c5 2. Nf3 Nc6 3. Bb5 Qb6 4. Nc3 e6 5. O-O Nge7 6. Re1 a6 7. Bxc6 Nxc6 8.
b3 d6 9. Bb2 Bd7 10. Qe2 O-O-O 11. Rad1 Kb8 12. Na4 Qc7 13. c4 f6 14. Nc3 Be8
15. d4 Bh5 16. Na4 Be7 17. h3 g5 18. d5 exd5 19. exd5 Ne5 20. Bxe5 fxe5 21. Nc3
Rdf8 22. g4 Bg6 23. Nd2 h5 24. Kg2 Rf4 25. Nde4 Qc8 26. f3 Rhf8 27. Rf1 Be8 28.
Qe3 hxg4 29. hxg4 Bd7 30. Ne2 Rg8 31. Rh1 Rgf8 32. Rdf1 Qd8 33. N2g3 Qa5 34. Rh7
R4f7 35. Rxf7 Rxf7 36. Qe2 b5 37. Rh1 Ka7 38. Rh6 bxc4 39. bxc4 Qb6 40. Qc2 Bc8
41. Qb3 Qd8 42. Rh1 Bf8 43. Rh8 Qa5 44. Nc3 Rb7 45. Qc2 Qa3 46. Nge2 Rb2 47. Qc1
e4 48. Rxf8 exf3+ 49. Kxf3 Bb7 50. Qe3 Qb4 51. Qd3 Qa5 52. Kg3 Qc7 53. Nb5+ axb5
54. Qa3+ Ba6 55. Qxb2 Qe7 56. Rf3 b4 57. Qc2 Qe5+ 58. Kg2 Kb6 59. Rf5 Qe3 60.
Rf6 Bc8 61. Rxd6+ Ka5 62. Rc6 Bb7 63. Rf6 Qe5 64. Rf2 Bc8 65. Qh7 Kb6 66. Qg6+
Ka5 67. Ng3 Bxg4 68. Qc6 1-0

[Event "41st Olympiad Women 2014"]
[Site "Tromso NOR"]
[Date "2014.08.05"]
[Round "4.17"]
[Board "2"]
[White "L'Ami, Alina"]
[Black "Terao, Juliana Sayumi"]
[Result "1-0"]
[WhiteTitle "WGM"]
[BlackTitle "WIM"]
[WhiteElo "2446"]
[BlackElo "2222"]
[WhiteTeam "Romania"]
[BlackTeam "Brazil"]
[WhiteFideId "1210246"]
[BlackFideId "2109220"]
[EventDate "2014.08.02"]

1. d4 Nf6 2. Nf3 g6 3. c4 Bg7 4. Nc3 d5 5. cxd5 Nxd5 6. Na4 O-O 7. e4 Nb6 8. Be3
N8d7 9. Nc3 a5 10. Be2 a4 11. Rc1 Nf6 12. O-O c6 13. Ne5 Nbd7 14. f4 Nxe5 15.
fxe5 Nd7 16. Nxa4 Qa5 17. Nc3 e6 18. Bg5 Qb6 19. Rf2 Re8 20. Qd2 h6 21. Qf4 hxg5
22. Qxf7+ Kh7 23. Qxe8 1-0

[Event "41st Olympiad Women 2014"]
[Site "Tromso NOR"]
[Date "2014.08.05"]
[Round "4.17"]
[Board "3"]
[White "Chaves, Joara"]
[Black "Bulmaga, Irina"]
[Result "0-1"]
[WhiteTitle "WIM"]
[BlackTitle "IM"]
[WhiteElo "2026"]
[BlackElo "2354"]
[WhiteTeam "Brazil"]
[BlackTeam "Romania"]
[WhiteFideId "2100622"]
[BlackFideId "13903063"]
[EventDate "2014.08.02"]

1. e4 c5 2. Nc3 Nc6 3. Bb5 d6 4. f4 g6 5. Nf3 Bg7 6. O-O Bd7 7. d3 a6 8. Bxc6
Bxc6 9. Qe1 Qd7 10. Be3 b5 11. Rb1 Nh6 12. h3 f5 13. Ng5 O-O 14. Qh4 e6 15. Rbe1
Rfe8 16. Nd1 Bf8 17. Bd2 b4 18. c4 Qg7 19. g4 Be7 20. Kh2 fxe4 21. dxe4 Nf7 22.
Qf2 Nxg5 23. fxg5 Rf8 24. Qg3 Qd4 25. Be3 Qxc4 26. Rxf8+ Rxf8 27. Nf2 Qc2 28.
Kg1 Qxb2 29. Nd3 Qxa2 30. e5 Rf3 31. Qh4 Rxe3 0-1

[Event "41st Olympiad Women 2014"]
[Site "Tromso NOR"]
[Date "2014.08.05"]
[Round "4.17"]
[Board "4"]
[White "Cosma, Elena-Luminita"]
[Black "Ribeiro, Regina"]
[Result "1-0"]
[WhiteTitle "WGM"]
[BlackTitle "WIM"]
[WhiteElo "2327"]
[BlackElo "2000"]
[WhiteTeam "Romania"]
[BlackTeam "Brazil"]
[WhiteFideId "1201590"]
[BlackFideId "2100681"]
[EventDate "2014.08.02"]

1. d4 e6 2. Nf3 d5 3. g3 f5 4. c4 c6 5. Bg2 Nf6 6. Qc2 Be7 7. O-O O-O 8. b3 Na6
9. Ba3 Nb4 10. Qc1 a5 11. Bb2 Ne4 12. Nc3 Qe8 13. a3 Na6 14. c5 Qh5 15. Na4 Bd7
16. Ne5 Be8 17. f3 Ng5 18. Qd2 Rf6 19. Nd3 Nh3+ 20. Bxh3 Qxh3 21. Nf4 Qh6 22. e3
g5 23. Nd3 Qh3 24. Qg2 Qxg2+ 25. Kxg2 f4 26. Nb6 Rd8 27. exf4 Bg6 28. fxg5 Bxd3
29. gxf6 Bxf1+ 30. Rxf1 Bxf6 31. Rc1 Nc7 32. f4 Kf7 33. Rd1 Na8 34. Na4 Rb8 35.
Bc3 Bd8 36. Rb1 b5 37. cxb6 Nxb6 38. Nc5 Nc4 39. a4 Nd6 40. Kf3 Nb7 41. Nd7 Rc8
42. Ne5+ Ke8 43. b4 axb4 44. Bxb4 c5 45. dxc5 Nxc5 46. Rc1 Be7 47. a5 Rc7 48.
Bxc5 Rxc5 49. Rxc5 Bxc5 50. a6 Kd8 51. a7 1-0

[Event "41st Olympiad Women 2014"]
[Site "Tromso NOR"]
[Date "2014.08.05"]
[Round "4.18"]
[Board "1"]
[White "Colombo, Camila"]
[Black "Golubenko, Valentina"]
[Result "1-0"]
[WhiteTitle "WIM"]
[BlackTitle "WGM"]
[WhiteElo "2107"]
[BlackElo "2269"]
[WhiteTeam "Uruguay"]
[BlackTeam "Croatia"]
[WhiteFideId "3001822"]
[BlackFideId "4501993"]
[EventDate "2014.08.02"]

1. d4 Nf6 2. c4 c5 3. d5 g6 4. Nc3 Bg7 5. e4 d6 6. h3 O-O 7. Nf3 e6 8. Be2 exd5
9. exd5 a6 10. O-O Re8 11. Qc2 Bd7 12. a4 a5 13. Bf4 Na6 14. Qd2 Bf5 15. g4 Ne4
16. Nxe4 Bxe4 17. Ne1 Qf6 18. f3 Qxb2 19. fxe4 Qxd2 20. Bxd2 Bxa1 21. Bd3 Bd4+
22. Kg2 Nb4 23. Bb1 b5 24. cxb5 c4 25. Nf3 Bb2 26. Bf4 Red8 27. Rf2 Bg7 28. Be3
Rdc8 29. Bf4 c3 30. Bc2 Nxc2 31. Rxc2 Rc4 32. Bxd6 Rxe4 33. Bc7 Rae8 34. Kf2
Rxa4 35. d6 Bf6 36. g5 Bd8 37. d7 Rf8 38. Rxc3 Kg7 39. Be5+ Kg8 40. Rc8 Ra2+ 41.
Kg3 Be7 42. Re8 Ra3 43. Rxe7 Rd3 44. Bd4 f6 45. Re8 1-0

[Event "41st Olympiad Women 2014"]
[Site "Tromso NOR"]
[Date "2014.08.05"]
[Round "4.18"]
[Board "2"]
[White "Franciskovic, Borka"]
[Black "de Leon, Patricia"]
[Result "1-0"]
[WhiteTitle "WIM"]
[BlackTitle "WFM"]
[WhiteElo "2318"]
[BlackElo "1921"]
[WhiteTeam "Croatia"]
[BlackTeam "Uruguay"]
[WhiteFideId "14507943"]
[BlackFideId "3000273"]
[EventDate "2014.08.02"]

1. Nf3 d5 2. g3 Nf6 3. Bg2 e6 4. O-O Be7 5. d4 O-O 6. c4 c6 7. Qc2 b6 8. b3 Bb7
9. Rd1 Nbd7 10. Nc3 Rc8 11. e4 dxe4 12. Ne5 Qc7 13. Bf4 Bd6 14. Nxd7 Qxd7 15.
Bxd6 Qxd6 16. Nxe4 Nxe4 17. Bxe4 h6 18. c5 Qc7 19. a4 Rfd8 20. Qc3 a5 21. b4 Ra8
22. Rab1 bxc5 23. dxc5 axb4 24. Rxd8+ Rxd8 25. Qxb4 Ba6 26. Qb6 Qxb6 27. cxb6
Bb7 28. Ra1 Ra8 29. a5 Kf8 30. Bd3 1-0

[Event "41st Olympiad Women 2014"]
[Site "Tromso NOR"]
[Date "2014.08.05"]
[Round "4.18"]
[Board "3"]
[White "de San Vicente, Sabrina"]
[Black "Jelica, Mara"]
[Result "0-1"]
[BlackTitle "WIM"]
[WhiteElo "1687"]
[BlackElo "2184"]
[WhiteTeam "Uruguay"]
[BlackTeam "Croatia"]
[WhiteFideId "3003973"]
[BlackFideId "14504111"]
[EventDate "2014.08.02"]

1. d4 Nf6 2. c4 g6 3. Nc3 Bg7 4. e4 d6 5. f3 O-O 6. Be3 Nbd7 7. Qd2 c5 8. Nge2
Re8 9. Rd1 cxd4 10. Nxd4 Ne5 11. Be2 Bd7 12. O-O Rc8 13. b3 a6 14. Nc2 Qa5 15.
b4 Qc7 16. c5 a5 17. a3 b6 18. Nb5 Bxb5 19. Bxb5 dxc5 20. Bxe8 Nxe8 21. bxc5
bxc5 22. Bf2 c4 23. Ne3 e6 24. Nc2 Nd3 25. Be3 Nb2 26. Rb1 Rd8 27. Qf2 Qe5 28.
Qe1 c3 29. Qe2 Nc7 30. Bb6 Rd2 31. Qe1 Rxc2 32. Qh4 Bf6 33. Qh6 Qd6 34. Be3 Bd4
35. a4 Bxe3+ 36. Qxe3 Qd2 0-1

[Event "41st Olympiad Women 2014"]
[Site "Tromso NOR"]
[Date "2014.08.05"]
[Round "4.18"]
[Board "4"]
[White "Purgar, Ivona"]
[Black "Costa, Anaclara"]
[Result "1-0"]
[WhiteTitle "WFM"]
[WhiteElo "2102"]
[BlackElo "1658"]
[WhiteTeam "Croatia"]
[BlackTeam "Uruguay"]
[WhiteFideId "14514451"]
[BlackFideId "3005666"]
[EventDate "2014.08.02"]

1. e4 e6 2. d4 d5 3. Nc3 dxe4 4. Nxe4 Nd7 5. Nf3 Ngf6 6. Bd3 Nxe4 7. Bxe4 Nf6 8.
Bd3 c5 9. O-O cxd4 10. Nxd4 Bc5 11. Nb3 Be7 12. Qf3 O-O 13. Bf4 Qd5 14. Qe2 Qh5
15. Qe1 Bd7 16. c4 Rac8 17. Bg3 Rfd8 18. Na5 Bc6 19. Nxc6 Rxc6 20. Rd1 Bd6 21.
Be2 Qg5 22. Bf3 Ra6 23. Bxb7 Rb6 24. Bf3 Ne8 25. Bxd6 Rdxd6 26. Qc3 Rb8 27. c5
Ra6 28. Qc4 Ra5 29. c6 Rc8 30. Qd3 Qb5 31. Qd7 Qb8 32. Qe7 Nf6 33. c7 Qxc7 34.
Qxc7 1-0

[Event "41st Olympiad Women 2014"]
[Site "Tromso NOR"]
[Date "2014.08.05"]
[Round "4.20"]
[Board "1"]
[White "Dimitrijevic, Aleksandra"]
[Black "Daulyte, Deimante"]
[Result "0-1"]
[WhiteTitle "WFM"]
[BlackTitle "WGM"]
[WhiteElo "2293"]
[BlackElo "2386"]
[WhiteTeam "Bosnia & Herzegovina"]
[BlackTeam "Lithuania"]
[WhiteFideId "929239"]
[BlackFideId "12802859"]
[EventDate "2014.08.02"]

1. e4 c5 2. c3 d5 3. exd5 Qxd5 4. Nf3 Nc6 5. Be2 e5 6. d4 e4 7. Ng5 h6 8. Nh3
Bxh3 9. gxh3 cxd4 10. cxd4 Qxd4 11. Qc2 Nf6 12. Be3 Qe5 13. Nc3 Bc5 14. O-O-O
Bxe3+ 15. fxe3 O-O 16. Rhg1 Rfd8 17. Rdf1 Nb4 18. Qb3 Nd3+ 19. Kb1 Rac8 20. Nb5
Rc6 21. Nd4 Rb6 22. Qa3 Rxb2+ 23. Ka1 Rxd4 24. Rxg7+ Kxg7 25. Rg1+ Kh7 26. Qf8
Rb1+ 27. Kxb1 Rb4+ 28. Kc2 Qb2+ 0-1

[Event "41st Olympiad Women 2014"]
[Site "Tromso NOR"]
[Date "2014.08.05"]
[Round "4.20"]
[Board "2"]
[White "Zaksaite, Salomeja"]
[Black "Boric, Elena"]
[Result "1-0"]
[WhiteTitle "WIM"]
[BlackTitle "WIM"]
[WhiteElo "2170"]
[BlackElo "2196"]
[WhiteTeam "Lithuania"]
[BlackTeam "Bosnia & Herzegovina"]
[WhiteFideId "12801496"]
[BlackFideId "14400839"]
[EventDate "2014.08.02"]

1. e4 Nf6 2. e5 Nd5 3. d4 d6 4. c4 Nb6 5. exd6 cxd6 6. h3 g6 7. Nf3 Bg7 8. Be2
O-O 9. Nc3 Nc6 10. O-O Bf5 11. Bg5 h6 12. Be3 d5 13. b3 dxc4 14. bxc4 Na5 15. c5
Nbc4 16. Bf4 e5 17. Nxe5 Nxe5 18. Bxe5 Bxe5 19. dxe5 Qxd1 20. Rfxd1 Kg7 21. g4
Be6 22. Ne4 Rac8 23. Rd6 Rc7 24. f4 Rfc8 25. Kf2 Nc6 26. a3 Bb3 27. Rc1 Re7 28.
Rd3 Na5 29. Nd6 Rh8 30. c6 bxc6 31. Rc5 Nb7 32. Rxc6 Ba4 33. Ra6 Nc5 34. Ra5
Nxd3+ 35. Bxd3 Bb3 36. f5 Rc7 37. Rb5 Ba4 38. Rb4 Bd7 39. f6+ Kh7 40. Nxf7 Re8
41. h4 Rc3 42. Ke3 Kg8 43. Nxh6+ Kh7 44. Nf7 Kg8 45. Nd6 Rxe5+ 46. Kd4 Rec5 47.
Bc4+ R3xc4+ 48. Nxc4 Rc8 49. Ne5 Be6 50. Rb7 Rd8+ 51. Ke3 a5 52. Rg7+ 1-0